000 00519 a2200193 4500
005 20250205142721.0
008 250205b |||||||| |||| 00| 0 eng d
020 _a9789395161206
_cRs. 499.00
040 _aMAIN
082 _a615.19
_bS44P(3)
100 _aSambamurthy, K
245 _aPharmaceutical engineering
250 _a3rd
260 _bNew Age International Publishers
_aNew Delhi
_c2023
300 _axx, 556
650 _aPharmaceutical Science
650 _aPharmaceutical Engineering
942 _cBK
999 _c360785
_d360785